000 00753nmm a2200301 a 4500
003 AR-BaBNM
005 20251128204040.0
008 045019s1981 ||||||||||||||000 | spa||
020 _a92-3-301669-2
040 _cAR-BaBNM
110 2 _aUNESCO
245 1 0 _aLas reformas de la educación, experiencias y perspectivas
250 _a1ª ed.
260 _aParís
_bUnesco
_c1981
300 _a240 p.
500 _aNotas biográficas sobre los autores
650 4 _aREFORMA DE LA EDUCACION
650 4 _aPOLITICA EDUCATIVA
650 4 _aEDUCACION COMPARADA
651 4 _aURSS
651 4 _aSuecia
651 4 _aPolonia
651 4 _aPerú
651 4 _aTanzania
653 _aESTRATEGIAS EDUCATIVAS
942 _cBK
998 _cCarmen
999 _c5954
_d5954